Score 0/230 Timer 06:00
0 Plays Today
% Correct
I
97.4%
I
97.4%
I
97.4%
I
97.4%
I
97.4%
I
97.4%
a
97%
a
97%
a
97%
the
94.1%
the
94.1%
the
94.1%
the
94.1%
the
94.1%
the
94.1%
the
94.1%
the
94.1%
the
94.1%
the
94.1%
the
94.1%
the
94.1%
you
88.9%
and
80.9%
and
80.9%
and
80.9%
and
80.9%
and
80.9%
and
80.9%
and
80.9%
and
80.9%
and
80.9%
and
80.9%
and
80.9%
and
80.9%
to
79.3%
to
79.3%
to
79.3%
to
79.3%
to
79.3%
to
79.3%
me
75.8%
me
75.8%
me
75.8%
me
75.8%
me
75.8%
be
70.9%
on
69.2%
In
67.2%
go
65.6%
go
65.6%
of
62.4%
of
62.4%
of
62.4%
of
62.4%
of
62.4%
of
62.4%
for
56.1%
that
53.1%
that
53.1%
that
53.1%
That
53.1%
that
53.1%
that
53.1%
that
53.1%
That
53.1%
that
53.1%
that
53.1%
That
53.1%
that
53.1%
that
53.1%
time
49.1%
time
49.1%
time
49.1%
time
49.1%
time
49.1%
time
49.1%
time
49.1%
% Correct
time
49.1%
time
49.1%
time
49.1%
time
49.1%
what
47.9%
like
43.8%
like
43.8%
like
43.8%
like
43.8%
like
43.8%
like
43.8%
like
43.8%
Just
41.2%
just
41.2%
just
41.2%
just
41.2%
will
40.9%
one
40.8%
rock
40.4%
rock
40.4%
rock
40.4%
rock
40.4%
rock
40.4%
rock
40.4%
rock
40.4%
rock
40.4%
rock
40.4%
rock
40.4%
rock
40.4%
Don't
39.6%
'em
38.9%
take
38.8%
take
38.8%
roll
38.6%
roll
38.6%
roll
38.6%
roll
38.6%
roll
38.6%
roll
38.6%
roll
38.6%
roll
38.6%
roll
38.6%
roll
38.6%
roll
38.6%
them
37.8%
get
37.4%
get
37.4%
by
36%
out
35.1%
With
31.9%
With
31.9%
With
31.9%
old
31.7%
old
31.7%
old
31.7%
old
31.7%
old
31.7%
old
31.7%
old
31.7%
old
31.7%
old-
31.7%
old
31.7%
old
31.7%
old
31.7%
old
31.7%
old
31.7%
old
31.7%
old
31.7%
old
31.7%
music
31.7%
music
31.7%
music
31.7%
music
31.7%
music
31.7%
got
31.5%
got
31.5%
off
31.3%
% Correct
or
30.8%
I'll
30.6%
I'll
30.6%
I'm
29.9%
I'm
29.9%
way
29.4%
Say
28.8%
say
28.8%
some
28.5%
those
26.7%
soul
26.7%
soul
26.7%
soul
26.7%
soul
26.7%
soul
26.7%
soul
26.7%
never
26.1%
hear
25.9%
hear
25.9%
kind
24.5%
kind
24.5%
kind
24.5%
try
23.6%
listen
23.4%
same
22%
same
22%
ain't
22%
ain't
22%
shelf
21.9%
records
21.8%
about
21.5%
about
21.5%
about
21.5%
over
21.3%
days
21.2%
days
21.2%
days
21.2%
myself
21%
soothes
21%
soothes
21%
soothes
21%
You'll
20.7%
only
20.4%
disco
20.3%
play
20.1%
Won't
19.8%
even
18.9%
sit
18.5%
floor
17.8%
Today's
17.2%
Today's
17.2%
I'd
15%
Still
14.2%
Still
14.2%
Still
14.2%
Still
14.2%
door
14.2%
Call
13.3%
call
13.3%
reminisce
13.2%
reminisce
13.2%
reminisce
13.2%
There's
13%
ten
12.4%
minutes
12%
hill
11.5%
late
11.3%
funky
10.9%
sure
9.8%
Start
9.5%
tango
9.2%
fashioned
9.1%
blues
9.1%
playing
7.8%
rather
7.7%
relic
5.8%
Remove Ads.
Support Sporcle.
Get the best of Sporcle when you Go Orange. This ad-free experience offers more features, more stats, and more fun while also helping to support Sporcle. Thank you for becoming a member.

You're not logged in!

Compare scores with friends on all Sporcle quizzes.
OR
Log In

Show Comments

Extras

Top Quizzes Today


Score Distribution

Your Account Isn't Verified!

In order to create a playlist on Sporcle, you need to verify the email address you used during registration. Go to your Sporcle Settings to finish the process.

Report this User

Report this user for behavior that violates our Community Guidelines.

Details: